Pokémon by Picture: Generation I - Statistics

General Stats
  • This quiz has been taken 47,846 times
  • The average score is 97 of 151
Answer Stats
Picture Answer % Correct
Bulbasaur
99%
Ivysaur
91%
Charmander
90%
Charizard
89%
Squirtle
89%
Charmeleon
87%
Blastoise
86%
Caterpie
83%
Pikachu
83%
Rattata
83%
Venusaur
83%
Wartortle
83%
Butterfree
82%
Raichu
82%
Beedrill
80%
Ekans
79%
Metapod
79%
Pidgey
79%
Weedle
79%
Jigglypuff
78%
Psyduck
77%
Meowth
76%
Vulpix
76%
Arbok
75%
Kakuna
75%
Pidgeot
75%
Pidgeotto
75%
Sandshrew
75%
Abra
74%
Clefairy
74%
Dugtrio
74%
Raticate
74%
Zubat
74%
Diglett
73%
Oddish
73%
Nidoking
72%
Nidoqueen
72%
Nidoran♀
72%
Spearow
72%
Alakazam
71%
Geodude
71%
Kadabra
71%
Mankey
71%
Sandslash
71%
Machamp
70%
Nidoran♂
70%
Ninetales
70%
Onix
70%
Slowpoke
70%
Fearow
69%
Persian
69%
Clefable
68%
Gengar
68%
Golduck
68%
Machop
68%
Nidorina
68%
Ponyta
68%
Wigglytuff
68%
Gastly
67%
Golbat
67%
Machoke
67%
Nidorino
67%
Gloom
66%
Muk
66%
Paras
66%
Arcanine
65%
Growlithe
65%
Haunter
65%
Rapidash
65%
Slowbro
64%
Bellsprout
63%
Poliwhirl
63%
Tentacruel
63%
Cubone
62%
Eevee
62%
Farfetch'd
62%
Golem
62%
Mr. Mime
62%
Poliwag
62%
Tentacool
62%
Voltorb
62%
Ditto
61%
Graveler
61%
Hitmonlee
61%
Magikarp
61%
Magnemite
61%
Parasect
61%
Primeape
61%
Doduo
60%
Grimer
60%
Hypno
60%
Venomoth
60%
Venonat
60%
Koffing
59%
Krabby
59%
Lickitung
59%
Poliwrath
59%
Seel
59%
Snorlax
59%
Vileplume
59%
Hitmonchan
58%
Mew
58%
Mewtwo
58%
Magneton
57%
Vaporeon
57%
Weezing
57%
Flareon
56%
Jolteon
56%
Jynx
56%
Lapras
56%
Cloyster
55%
Drowzee
55%
Electrode
55%
Staryu
55%
Weepinbell
55%
Chansey
54%
Dragonite
54%
Scyther
54%
Tangela
54%
Goldeen
53%
Marowak
53%
Starmie
53%
Dodrio
52%
Gyarados
52%
Horsea
52%
Kingler
52%
Magmar
52%
Rhydon
52%
Zapdos
52%
Articuno
51%
Dewgong
51%
Tauros
51%
Victreebel
51%
Dratini
50%
Porygon
50%
Rhyhorn
50%
Shellder
50%
Electabuzz
49%
Moltres
49%
Pinsir
49%
Kangaskhan
48%
Dragonair
47%
Exeggcute
46%
Exeggutor
46%
Kabuto
46%
Seadra
46%
Aerodactyl
45%
Kabutops
45%
Seaking
45%
Omanyte
40%
Omastar
39%
No matching quizzes found
Score Distribution
Percent of People with Each Score
Percentile by Number Answered
Your Score History
You have not taken this quiz